Организация эффективного использования пахотных земель в УКСП "Горецкое" Горецкого района Могилевской области; Проблемы геологии и освоения недр; Т. 1

Dades bibliogràfiques
Parent link:Проблемы геологии и освоения недр: труды XXI Международного симпозиума имени академика М. А. Усова студентов и молодых ученых, посвященного 130-летию со дня рождения профессора М. И. Кучина, Томск, 3-7 апреля 2017 г./ Национальный исследовательский Томский политехнический университет (ТПУ), Институт природных ресурсов (ИПР) ; под ред. А. С. Боева.— , 2017
Т. 1.— 2017.— [С. 595-596]
Autor principal: Галкин В. А.
Autor corporatiu: Белорусская государственная орденов Октябрьской Революции и Трудового Красного Знамени сельскохозяйственная академия
Altres autors: Колмыков А. В. (научный руководитель)
Sumari:Заглавие с экрана
Idioma:rus
Publicat: 2017
Col·lecció:Землеустройство: наука и практика
Matèries:
Accés en línia:http://earchive.tpu.ru/handle/11683/44314
Format: MixedMaterials Electrònic Capítol de llibre
KOHA link:https://koha.lib.tpu.ru/cgi-bin/koha/opac-detail.pl?biblionumber=624674

MARC

LEADER 00000naa2a2200000 4500
001 624674
005 20231101133326.0
035 |a (RuTPU)RU\TPU\conf\23934 
035 |a RU\TPU\conf\23933 
090 |a 624674 
100 |a 20171127d2017 k y0rusy50 ca 
101 0 |a rus 
102 |a RU 
105 |a y z 100zy 
135 |a drgn ---uucaa 
181 0 |a i  
182 0 |a b 
200 1 |a Организация эффективного использования пахотных земель в УКСП "Горецкое" Горецкого района Могилевской области  |f В. А. Галкин  |g науч. рук. А. В. Колмыков 
203 |a Текст  |c электронный 
225 1 |a Землеустройство: наука и практика 
230 |a 1 компьютерный файл (pdf; 332 Kb) 
300 |a Заглавие с экрана 
320 |a [Библиогр.: с. 596 (3 назв.)] 
461 1 |0 (RuTPU)RU\TPU\conf\21932  |t Проблемы геологии и освоения недр  |o труды XXI Международного симпозиума имени академика М. А. Усова студентов и молодых ученых, посвященного 130-летию со дня рождения профессора М. И. Кучина, Томск, 3-7 апреля 2017 г.  |o в 2 т.  |f Национальный исследовательский Томский политехнический университет (ТПУ), Институт природных ресурсов (ИПР) ; под ред. А. С. Боева  |d 2017 
463 1 |0 (RuTPU)RU\TPU\conf\21936  |t Т. 1  |v [С. 595-596]  |d 2017 
610 1 |a электронный ресурс 
610 1 |a эффективное использование 
610 1 |a пахотные земли 
610 1 |a стратегические задачи 
610 1 |a агропромышленные комплексы 
610 1 |a Республика Беларусь 
610 1 |a землеустройство 
610 1 |a почвенные исследования 
610 1 |a экономические показатели 
700 1 |a Галкин  |b В. А. 
702 1 |a Колмыков  |b А. В.  |4 727 
712 0 2 |a Белорусская государственная орденов Октябрьской Революции и Трудового Красного Знамени сельскохозяйственная академия 
801 2 |a RU  |b 63413507  |c 20171201  |g RCR 
856 4 |u http://earchive.tpu.ru/handle/11683/44314 
942 |c BK